LEADER 01020nam a2200289 i 4500 001 991001760219707536 005 20020503153309.0 008 010315s1963 it ||| | ita 035 $ab10268911-39ule_inst 035 $aEXGIL91039$9ExL 040 $aBiblioteca Interfacoltà$bita 082 0 $a804 100 1 $aBorges, Jorge Luis$036280 245 10$aAltre inquisizioni /$cJorges Luis Borges 260 $aMilano :$bFeltrinelli,$c1963 300 $a282 p. ;$c20 cm. 490 0 $aBiblioteca di letteratura. I classici moderni ;$v21 500 $aTrad. F. Tentori Montalto 500 $aTit. orig.: Otras inquisiciones 650 4$aLetteratura 700 1 $aTentori Montalto, Francesco 907 $a.b10268911$b17-02-17$c27-06-02 912 $a991001760219707536 945 $aLE002 Fondo Bodini It. 502$g1$i2002000995896$lle002$o-$pE0.00$q-$rn$so $t0$u0$v0$w0$x0$y.i1032026x$z27-06-02 996 $aOtras inquisiciones$91269751 997 $aUNISALENTO 998 $ale002$b01-01-01$cm$da $e-$fita$git $h0$i1 LEADER 02435oam 2200577 450 001 9910715949003321 005 20210823145108.0 035 $a(CKB)5470000002516605 035 $a(OCoLC)1245964562 035 $a(EXLCZ)995470000002516605 100 $a20210413d2021 ua 0 101 0 $aeng 135 $aur||||||||||| 181 $ctxt$2rdacontent 182 $cc$2rdamedia 183 $acr$2rdacarrier 200 13$aAn Act to Amend the Health Information Technology for Economic and Clinical Health Act to Require the Secretary of Health and Human Services to Consider Certain Recognized Security Practices of Covered Entities and Business Associates when Making Certain Determinations, and for Other Purposes 210 1$a[Washington, D.C.] :$c[U.S. Government Publishing Office],$d[2021] 215 $a1 online resource (2 unnumbered pages) 300 $a"Jan. 5, 2021 (H.R. 7898)." 300 $a"134 Stat. 5072." 300 $a"Public Law 116-321." 606 $aMedical records$xLaw and legislation$zUnited States 606 $aMedical records$xData processing 606 $aPrivacy, Right of$zUnited States 606 $aComputer security$xLaw and legislation$zUnited States 606 $aComputer security$xLaw and legislation$2fast 606 $aMedical records$xData processing$2fast 606 $aMedical records$xLaw and legislation$2fast 606 $aPrivacy, Right of$2fast 607 $aUnited States$2fast 608 $aStatutes and codes.$2fast 608 $aStatutes and codes.$2lcgft 615 0$aMedical records$xLaw and legislation 615 0$aMedical records$xData processing. 615 0$aPrivacy, Right of 615 0$aComputer security$xLaw and legislation 615 7$aComputer security$xLaw and legislation. 615 7$aMedical records$xData processing. 615 7$aMedical records$xLaw and legislation. 615 7$aPrivacy, Right of. 801 0$bGPO 801 1$bGPO 801 2$bOCLCO 801 2$bOCLCF 801 2$bOCLCQ 801 2$bGPO 906 $aBOOK 912 $a9910715949003321 996 $aAn Act to Amend the Health Information Technology for Economic and Clinical Health Act to Require the Secretary of Health and Human Services to Consider Certain Recognized Security Practices of Covered Entities and Business Associates when Making Certain Determinations, and for Other Purposes$93436181 997 $aUNINA